[Event "Goch op 15th"]
[Site "Goch"]
[Date "2004.10.03"]
[Round "7"]
[White "Verfuerth, Thomas"]
[Black "Cevik, Guersal"]
[Result "0-1"]
[WhiteElo "2223"]
[BlackElo "1737"]
[PlyCount "68"]
[EventDate "2004.09.30"]
[EventType "swiss"]
[EventRounds "7"]
[EventCountry "GER"]
[SourceTitle "EXT 2006"]
[Source "ChessBase"]
[SourceDate "2005.11.24"]
[SourceVersion "1"]
[SourceVersionDate "2005.11.24"]
[SourceQuality "1"]

1. c4 Nf6 2. Nc3 g6 3. e4 d6 4. g3 Bg7 5. Bg2 0-0 6. Nge2 e5 7. 0-0 Nc6 8. h3 Be6 9. d3 Ne8 10. f4 f5 11. Rb1 Rb8 12. b4 exf4 13. Nxf4 Bd7 14. Ncd5 fxe4 15. dxe4 Ne5 16. Qc2 Nf6 17. Bb2 Nxd5 18. exd5 Qg5 19. Kh2 Rbe8 20. Qb3 Kh8 21. Rbe1 b6 22. Bc1 Qd8 23. Be3 h6 24. Be4 g5 25. Ng6+ Nxg6 26. Bxg6 Rxf1 27. Rxf1 Rf8 28. Rxf8+ Qxf8 29. Bb1 Qf1 30. Qc2 Qxh3+ 31. Kg1 Qxg3+ 32. Kh1 Qh3+ 33. Kg1 Qxe3+ 34. Kh2 Qh3+ 0-1

[Event "Goch op 15th"]
[Site "Goch"]
[Date "2004.10.02"]
[Round "4"]
[White "Cevik, Guersal"]
[Black "Schulz, Kai Tober"]
[Result "0-1"]
[WhiteElo "1737"]
[BlackElo "2051"]
[PlyCount "48"]
[EventDate "2004.09.30"]
[EventType "swiss"]
[EventRounds "7"]
[EventCountry "GER"]
[SourceTitle "EXT 2006"]
[Source "ChessBase"]
[SourceDate "2005.11.24"]
[SourceVersion "1"]
[SourceVersionDate "2005.11.24"]
[SourceQuality "1"]

1. e4 e6 2. d4 d5 3. Nd2 Nf6 4. e5 Nfd7 5. Bd3 c5 6. c3 Nc6 7. Ne2 Qb6 8. Nf3 cxd4 9. cxd4 f6 10. exf6 Nxf6 11. 0-0 Bd6 12. Re1 0-0 13. Bb1 e5 14. dxe5 Nxe5 15. Nxe5 Bxe5 16. Nc3 Bxh2+ 17. Kh1 Qxf2 18. Nxd5 Ng4 19. Ne7+ Kh8 20. Bg5 Bg3 21. Be4 Qc5 22. Qd5 Nf2+ 23. Kg1 Nh3+ 24. Kh1 Qg1+ 0-1